000 00567nam a2200181Ia 4500
003 GCL
008 140319s9999 xx 000 0 ara d
040 _aGCL /
_cGCL
082 0 4 _a237.14
_bا ا
100 1 _aابى محمد عبد بن حميد
245 1 0 _aالمنتخب من مسنن عبد بن حميد /
_cابى محمد عبد بن حميد
260 _a[S.N] :
_bمكتبة السنة للنشر والتوزيع ،
_c1988
300 _a541 ص
490 _a
650 0 4 _aالحديث
650 0 4 _aمسند عبد بن حميد
942 _2ddc
_cBK
999 _c52704
_d52704